[Event "Challenge"]
[Site "http://www.queenalice.com/game.php?id=1221758"]
[Date "2013.10.3"]
[Round "-"]
[White "tribad"]
[Black "constantin"]
[Result "1-0"]
[WhiteElo "1957"]
[BlackElo "1832"]

1. e4 e5 2. Nf3 Nc6 3. Bb5 Nge7 4. O-O d6 5. c3 Bd7 6. d4 exd4 7. cxd4 a6 8. Bc4
h6 9. Qb3 Be6 10. Bxe6 fxe6 11. Qxe6 Nb4 12. Na3 Nd3 13. Rd1 Nf4 14. Bxf4 g5 15.
Bg3 Rg8 16. e5 Rg6 17. Qb3 b5 18. exd6 cxd6 19. Re1 h5 20. Re6 h4 21. Bxd6 Rxe6
22. Qxe6 Rc8 23. Ne5 Bg7 24. Qf7# 1-0

[Event "AUTO-MASTER-1960"]
[Site "http://www.queenalice.com/game.php?id=1223210"]
[Date "2013.10.9"]
[Round "1"]
[White "CCapivara"]
[Black "tribad"]
[Result "0-1"]
[WhiteElo "2048"]
[BlackElo "2015"]

1. e4 e5 2. f4 exf4 3. Nf3 g5 4. Bc4 Bg7 5. d4 d6 6. O-O h6 7. c3 Nc6 8. Qb3 Qe7
9. Re1 Nf6 10. e5 dxe5 11. Nxe5 O-O 12. Bd2 Nxe5 13. Rxe5 Qd6 14. Na3 a6 15.
Rae1 b5 16. Bd3 Bb7 17. Bb1 Ng4 18. Qc2 f5 19. Rxf5 Rfe8 20. Rxe8+ Rxe8 21. Qd3
f3 22. Re5 Bxe5 23. Qh7+ Kf8 24. gxf3 Bxd4+ 25. Kf1 Nxh2+ 26. Kg2 Bxf3+ 27. Kh3
Bg4+ 28. Kg2 Re2+ 29. Kh1 Bf3# 0-1

[Event "AUTO-MASTER-1960"]
[Site "http://www.queenalice.com/game.php?id=1223211"]
[Date "2013.10.9"]
[Round "1"]
[White "tribad"]
[Black "CCapivara"]
[Result "1-0"]
[WhiteElo "2015"]
[BlackElo "2048"]

1. e4 d6 2. d4 Nf6 3. Nc3 c6 4. f4 Qa5 5. Bd3 e5 6. Nf3 Bg4 7. Be3 Nbd7 8. O-O
Be7 9. h3 Bxf3 10. Qxf3 O-O-O 11. a3 exf4 12. Qxf4 Rhg8 13. d5 g5 14. Qf5 g4 15.
h4 g3 16. dxc6 Qxf5 17. cxb7+ Kxb7 18. Rxf5 Ne5 19. Bg5 Rg6 20. Raf1 Neg4 21. h5
Rxg5 22. Rxg5 d5 23. b4 dxe4 24. Nxe4 Nxe4 25. Bxe4+ Kb6 26. Rxg4 1-0

[Event "AUTO-MASTER-1960"]
[Site "http://www.queenalice.com/game.php?id=1223222"]
[Date "2013.10.9"]
[Round "1"]
[White "vivafischer"]
[Black "tribad"]
[Result "0-1"]
[WhiteElo "2168"]
[BlackElo "1923"]

1. d4 Nf6 2. c4 e6 3. Nf3 b6 4. g3 Bb7 5. Bg2 Be7 6. Nc3 O-O 7. O-O Ne4 8. Bd2
f5 9. Nxe4 Bxe4 10. Ne5 Bxg2 11. Kxg2 d6 12. Nf3 Bf6 13. Bc3 Nd7 14. Qc2 c5 15.
e4 Qc7 16. Rac1 cxd4 17. Nxd4 Bxd4 18. Bxd4 e5 19. Be3 f4 20. gxf4 exf4 21. Bd4
f3+ 22. Kh1 Rae8 23. Rg1 g6 24. b3 Rf4 25. Rce1 d5 0-1

[Event "AUTO-MASTER-1960"]
[Site "http://www.queenalice.com/game.php?id=1223223"]
[Date "2013.10.9"]
[Round "1"]
[White "tribad"]
[Black "vivafischer"]
[Result "1-0"]
[WhiteElo "1973"]
[BlackElo "2168"]

1. e4 e6 2. d4 d5 3. Nd2 Nf6 4. e5 Nfd7 5. Bd3 c5 6. c3 Nc6 7. Ne2 cxd4 8. cxd4
f6 9. exf6 Nxf6 10. Nf3 Bd6 11. O-O O-O 12. Bf4 Bxf4 13. Nxf4 Ne4 14. Qc1 Ng5
15. Nxg5 Qxg5 16. Ne2 Qxc1 17. Raxc1 a6 18. Rc5 Bd7 19. Rfc1 Rac8 20. a3 Na7 21.
b4 Rxc5 22. bxc5 Nc6 23. Rb1 Bc8 24. f4 g6 25. g3 Kf7 26. Kf2 Nd8 27. Ng1 1-0

[Event "AUTO-MASTER-1964"]
[Site "http://www.queenalice.com/game.php?id=1225206"]
[Date "2013.10.17"]
[Round "1"]
[White "artegasparphb"]
[Black "tribad"]
[Result "0-1"]
[WhiteElo "2012"]
[BlackElo "2014"]

1. e4 e5 2. Nf3 Nc6 3. Bb5 a6 4. Bxc6 dxc6 5. O-O Qd6 6. d4 exd4 7. e5 Qd5 8.
Nxd4 Bc5 9. c3 Ne7 10. b4 Ba7 11. Bg5 Ng6 12. Nf3 h6 13. Be3 Bxe3 14. fxe3 O-O
15. Qd4 Re8 16. e4 Qe6 17. Nbd2 Nxe5 18. Nxe5 Qxe5 19. Rae1 Qxd4+ 20. cxd4 a5
21. a3 axb4 22. axb4 Ra2 23. Nc4 Ra4 24. Ne5 Rxb4 25. Rxf7 Rxe5 0-1

[Event "AUTO-MASTER-1964"]
[Site "http://www.queenalice.com/game.php?id=1225207"]
[Date "2013.10.17"]
[Round "1"]
[White "tribad"]
[Black "artegasparphb"]
[Result "1-0"]
[WhiteElo "2036"]
[BlackElo "1996"]

1. e4 d5 2. exd5 Qxd5 3. Nc3 Qd8 4. d4 e6 5. Nf3 Nf6 6. Bd3 Be7 7. Bf4 a6 8. Qe2
b5 9. O-O Bb7 10. Ne4 O-O 11. Nxf6+ Bxf6 12. Rad1 Nc6 13. c3 Ne7 14. Rfe1 Nd5
15. Bg3 Qc8 16. Ne5 c5 17. dxc5 Qxc5 18. Nd7 Qc6 19. Qe4 g6 20. Nxf8 Rxf8 21.
Qf3 Bg7 22. Be4 Qb6 23. Qe2 f5 24. Bf3 g5 25. Qxe6+ Qxe6 26. Rxe6 Rd8 27. Rd6
Re8 28. Bxd5+ Bxd5 29. R6xd5 f4 30. Rxg5 fxg3 31. hxg3 h6 32. Rg6 1-0

[Event "AUTO-MASTER-1964"]
[Site "http://www.queenalice.com/game.php?id=1225220"]
[Date "2013.10.17"]
[Round "1"]
[White "cerenzo72"]
[Black "tribad"]
[Result "0-1"]
[WhiteElo "2121"]
[BlackElo "2063"]

1. e4 e5 2. Nf3 Nc6 3. Nc3 Nf6 4. d4 exd4 5. Nxd4 Bb4 6. Nxc6 Bxc3+ 7. bxc3 bxc6
8. e5 Qe7 9. Qe2 Nd5 10. c4 Ba6 11. Bd2 O-O 12. Qe4 Nf6 13. Qf5 Rfe8 14. Bc3 d5
15. Be2 Ne4 16. Ba5 Qc5 17. Bd2 Nxd2 18. Kxd2 dxc4 19. f4 Qd4+ 20. Bd3 cxd3 21.
cxd3 Rad8 22. Rhd1 Bxd3 23. Qg5 Qb2+ 24. Ke1 Qe2# 0-1

[Event "AUTO-MASTER-1964"]
[Site "http://www.queenalice.com/game.php?id=1225221"]
[Date "2013.10.17"]
[Round "1"]
[White "tribad"]
[Black "cerenzo72"]
[Result "1-0"]
[WhiteElo "2119"]
[BlackElo "2046"]

1. e4 c5 2. Nf3 d6 3. d4 cxd4 4. Nxd4 Nf6 5. Nc3 e5 6. Bb5+ Bd7 7. Bxd7+ Qxd7 8.
Nde2 Qg4 9. Nd5 Nxd5 10. Qxd5 Nc6 11. Rg1 Be7 12. Be3 O-O 13. h3 Qc8 14. O-O-O
Nb4 15. Qb3 a5 16. a3 Nc6 17. Nc3 Ra6 18. Rd3 Qa8 19. Qa4 Rb8 20. Rgd1 Rd8 21.
Nd5 Qb8 22. Qb5 Bf8 23. Rb3 a4 24. Qxb7 axb3 25. Qxa6 bxc2 26. Kxc2 Rc8 27. Kb1
Ne7 28. Nb6 Rc6 29. a4 f5 30. Rc1 Rxc1+ 31. Kxc1 Qc7+ 32. Qc4+ Qxc4+ 33. Nxc4 f4
34. Bb6 Nc8 35. a5 Kf7 36. a6 1-0

[Event "AUTO-MASTER-1964"]
[Site "http://www.queenalice.com/game.php?id=1225230"]
[Date "2013.10.17"]
[Round "1"]
[White "tribad"]
[Black "alexsandrob3478"]
[Result "1-0"]
[WhiteElo "1987"]
[BlackElo "1883"]

1. e4 c5 2. Nf3 d6 3. d4 cxd4 4. Nxd4 Nf6 5. Nc3 a6 6. Be3 e5 7. Nb3 Be6 8. Be2
Be7 9. Qd2 d5 10. exd5 Nxd5 11. Nxd5 Qxd5 12. O-O O-O 13. Rfd1 Rd8 14. Qc3 Qc6
15. Rxd8+ Bxd8 16. Rd1 Be7 17. Nc5 b6 18. Bf3 e4 19. Bxe4 Qb5 20. Nxe6 fxe6 21.
Bxa8 1-0

[Event "AUTO-MASTER-1964"]
[Site "http://www.queenalice.com/game.php?id=1225231"]
[Date "2013.10.17"]
[Round "1"]
[White "alexsandrob3478"]
[Black "tribad"]
[Result "0-1"]
[WhiteElo "1892"]
[BlackElo "1971"]

1. d4 Nf6 2. c4 g6 3. Nc3 Bg7 4. e4 d6 5. f3 O-O 6. Be3 e5 7. Nge2 c6 8. Qd2
Nbd7 9. d5 cxd5 10. cxd5 a6 11. Rc1 b5 12. b4 Nb6 13. Bxb6 Qxb6 14. g4 Bxg4 15.
fxg4 Nxg4 16. Ng3 Bh6 17. Qd1 Qf2# 0-1

[Event "AUTO-ADV-2966"]
[Site "http://www.queenalice.com/game.php?id=1258380"]
[Date "2014.2.20"]
[Round "2"]
[White "avian"]
[Black "tribad"]
[Result "0-1"]
[WhiteElo "1934"]
[BlackElo "2112"]

1. d4 Nf6 2. c4 e6 3. Nc3 Bb4 4. Qc2 c5 5. Nf3 cxd4 6. Nxd4 Nc6 7. Nxc6 bxc6 8.
Bg5 h6 9. Bf4 d5 10. Be5 O-O 11. e3 Bd6 12. Bxd6 Qxd6 13. Rd1 Rb8 14. b3 Qb4 15.
Bd3 Ba6 16. O-O dxc4 17. Bxc4 Bxc4 18. bxc4 Qxc4 19. Rd4 Qc5 20. Rfd1 Nd5 21.
R1d3 Nb4 22. Rxb4 Rxb4 23. h3 Rfb8 24. Qd2 Rb2 25. Ne4 Rxd2 26. Nxc5 Rb1+ 27.
Kh2 Rxf2 28. Rd8+ Kh7 29. Nd7 g5 30. a4 Rbb2 31. Rf8 Rxg2+ 32. Kh1 Rgf2 0-1

[Event "AUTO-ADV-2966"]
[Site "http://www.queenalice.com/game.php?id=1258381"]
[Date "2014.2.20"]
[Round "2"]
[White "tribad"]
[Black "avian"]
[Result "1-0"]
[WhiteElo "2081"]
[BlackElo "1963"]

1. e4 e6 2. d4 d5 3. Nd2 Nc6 4. Ngf3 Nf6 5. e5 Nd7 6. c3 Nb6 7. Bd3 Be7 8. Nb3
Bd7 9. Be3 O-O 10. Rc1 a5 11. h4 a4 12. Bxh7+ Kxh7 13. Ng5+ Kg8 14. Qh5 Bxg5 15.
hxg5 f6 16. g6 1-0

[Event "AUTO-ADV-2966"]
[Site "http://www.queenalice.com/game.php?id=1258384"]
[Date "2014.2.20"]
[Round "2"]
[White "oniwa"]
[Black "tribad"]
[Result "0-1"]
[WhiteElo "1929"]
[BlackElo "2146"]

1. e4 e5 2. Nf3 Nc6 3. Bc4 Bc5 4. c3 Nf6 5. b4 Bb6 6. d3 d6 7. a4 a6 8. O-O Ne7
9. a5 Ba7 10. Bg5 Ng6 11. d4 h6 0-1

[Event "AUTO-ADV-2966"]
[Site "http://www.queenalice.com/game.php?id=1258385"]
[Date "2014.2.20"]
[Round "2"]
[White "tribad"]
[Black "oniwa"]
[Result "1-0"]
[WhiteElo "2140"]
[BlackElo "1937"]

1. e4 e5 2. Nf3 Nc6 3. Bc4 Bc5 4. c3 Nf6 5. d3 d6 6. O-O O-O 7. Bb3 a6 8. Nbd2
Ba7 9. h3 h6 10. Re1 Nh5 11. Nf1 Qf6 12. Ne3 1-0

[Event "AUTO-ADV-2966"]
[Site "http://www.queenalice.com/game.php?id=1258386"]
[Date "2014.2.20"]
[Round "2"]
[White "josebaron"]
[Black "tribad"]
[Result "0-1"]
[WhiteElo "1990"]
[BlackElo "2103"]

1. e4 c5 2. Bc4 e6 3. e5 Nc6 4. Nf3 Qc7 5. O-O Nxe5 6. Nxe5 Qxe5 7. Re1 Qc7 8.
d3 Nf6 9. h3 b6 10. Nd2 Bb7 11. Nf3 Be7 12. a4 a6 13. c3 O-O 14. Bg5 d5 15. Bb3
b5 16. axb5 axb5 17. Qd2 Nh5 18. Bxe7 Qxe7 19. Bc2 d4 20. Qe2 Nf4 21. Qe5 Nxh3+
22. Kh2 Bxf3 23. gxh3 f6 24. Qf4 Bd5 25. cxd4 cxd4 26. Qxd4 Qc7+ 27. Kg1 Rxa1
28. Rxa1 Qxc2 29. b4 Qe2 30. Qe3 Qb2 31. Rc1 Qxb4 32. d4 Qd6 33. Qg3 Qxg3+ 34.
fxg3 b4 35. h4 b3 36. Kf2 b2 37. Rb1 Rb8 0-1

[Event "AUTO-ADV-2966"]
[Site "http://www.queenalice.com/game.php?id=1258387"]
[Date "2014.2.20"]
[Round "2"]
[White "tribad"]
[Black "josebaron"]
[Result "1-0"]
[WhiteElo "2092"]
[BlackElo "2002"]

1. e4 e5 2. Nf3 Nc6 3. Bc4 Bc5 4. c3 d6 5. d4 exd4 6. cxd4 Bb4+ 7. Nc3 Bxc3+ 8.
bxc3 Bg4 9. Qb3 Na5 10. Bxf7+ Kf8 11. Qa4 Kxf7 12. Qxa5 Bxf3 13. gxf3 Nf6 14.
Bg5 h6 15. Bh4 b6 16. Qb5 g5 17. Bg3 Nh5 18. O-O Nxg3 19. fxg3 Rf8 20. f4 gxf4
21. Rxf4+ Ke7 22. Raf1 Rxf4 23. Rxf4 Qg8 24. Qf5 Rf8 25. Qxf8+ Qxf8 26. Rxf8
Kxf8 27. Kf2 b5 28. Ke3 c5 29. e5 cxd4+ 30. Kxd4 dxe5+ 31. Kxe5 a5 32. Kd5 b4
33. cxb4 axb4 34. Kc4 Kg7 35. Kxb4 Kf6 36. a4 Kf5 37. a5 Kg4 38. a6 h5 39. a7
Kh3 40. a8=Q Kxh2 41. Qf3 1-0

[Event "AUTO-MASTER-1964"]
[Site "http://www.queenalice.com/game.php?id=1269147"]
[Date "2014.3.30"]
[Round "2"]
[White "gisubr"]
[Black "tribad"]
[Result "0-1"]
[WhiteElo "2143"]
[BlackElo "2172"]

1. d4 Nf6 2. c4 e6 3. Nc3 Bb4 4. Qc2 c5 5. dxc5 O-O 6. Bf4 Bxc5 7. e3 Nc6 8. Nf3
d5 9. Rd1 Qa5 10. Nd4 Bxd4 11. exd4 Re8 12. Be5 Ng4 13. Qd2 f6 14. Be2 Nxf2 15.
Bxf6 Nxd1 16. Qg5 Re7 17. Bxd1 Rf7 18. O-O dxc4 19. d5 Rxf6 20. Rxf6 Qd8 21. Ne4
Qxd5 22. Qg4 Ne5 23. Qh5 Qd4+ 24. Rf2 Bd7 25. Ng5 h6 26. Bc2 Ng4 27. Qf7+ Kh8
28. Ne4 Nxf2 29. Nxf2 Qd2 30. h4 Qxc2 31. Qxd7 Qxb2 32. Ng4 c3 33. Qd4 Qb1+ 34.
Kh2 c2 0-1

[Event "AUTO-MASTER-1964"]
[Site "http://www.queenalice.com/game.php?id=1269148"]
[Date "2014.3.30"]
[Round "2"]
[White "tribad"]
[Black "gisubr"]
[Result "1-0"]
[WhiteElo "2160"]
[BlackElo "2155"]

1. e4 e6 2. d4 d5 3. e5 c5 4. c3 Nc6 5. Nf3 Qb6 6. a3 c4 7. Nbd2 Na5 8. Be2 Bd7
9. O-O O-O-O 10. Rb1 Nb3 11. Nxb3 Ba4 12. Bg5 Ne7 13. Nfd2 Kb8 14. Bg4 cxb3 15.
Qf3 Be8 16. Rfc1 h6 17. Be3 Nc6 18. Qd1 Na5 19. c4 f5 20. exf6 Bg6 21. Bf4+ Ka8
22. cxd5 Bxb1 23. Bc7 Qxd4 24. Bxd8 Bc2 25. Bxa5 Bxa3 26. Nxb3 Bxd1 27. Nxd4
Bxg4 28. fxg7 Rg8 29. bxa3 exd5 30. Rc7 Bh5 31. Rd7 Kb8 32. Ne6 1-0

[Event "AUTO-MASTER-1964"]
[Site "http://www.queenalice.com/game.php?id=1269153"]
[Date "2014.3.30"]
[Round "2"]
[White "tribad"]
[Black "Rutty"]
[Result "1-0"]
[WhiteElo "2131"]
[BlackElo "2038"]

1. e4 e5 2. Nf3 Nc6 3. Bc4 Bc5 4. c3 Nf6 5. d3 h6 6. b4 Bb6 7. b5 Na5 8. Nxe5
O-O 9. Nxf7 Rxf7 10. Bxf7+ Kxf7 11. e5 Nh7 12. O-O d6 13. Qf3+ Kg8 14. Qg3 Kh8
15. Bf4 dxe5 16. Bxe5 Nf6 17. Nd2 Bf5 18. d4 c5 19. Qf4 Bd3 20. Rfe1 Bxb5 21.
Ne4 Nxe4 22. Qxh6+ 1-0

[Event "AUTO-MASTER-1964"]
[Site "http://www.queenalice.com/game.php?id=1269154"]
[Date "2014.3.30"]
[Round "2"]
[White "Rutty"]
[Black "tribad"]
[Result "0-1"]
[WhiteElo "2055"]
[BlackElo "2151"]

1. e4 c5 2. Nf3 Nc6 3. d4 cxd4 4. Nxd4 Nf6 5. Nc3 e5 6. Nxc6 bxc6 7. Bd3 Bc5 8.
O-O O-O 9. Bg5 h6 10. Bh4 Rb8 11. Na4 Be7 12. b3 d5 13. Qe2 Re8 14. exd5 e4 15.
Ba6 Bg4 16. Qd2 cxd5 17. Bg3 Bd6 18. Bh4 Be5 19. Rac1 Qd6 20. Qa5 Bxh2+ 21. Kh1
Bf4 22. Rce1 Re5 23. Qc5 Qxa6 24. f3 exf3 25. Rxe5 Qxf1+ 26. Qg1 fxg2# 0-1